Guamán Poma de Ayala, pionero de la teología de la liberación / (Record no. 11040)

MARC details
000 -LEADER
campo de control de longitud fija 00886nam a22002655i 4500
001 - NÚMERO DE CONTROL
campo de control 11040
003 - IDENTIFICADOR DE NÚMERO DE CONTROL
campo de control ES-MaACL
005 - FECHA Y HORA DE LA ÚLTIMA TRANSACCIÓN
campo de control 20230906150021.0
007 - CAMPO FIJO DE DESCRIPCIÓN FÍSICA--INFORMACIÓN GENERAL
campo de control de longitud fija t|
008 - DATOS DE LONGITUD FIJA--INFORMACIÓN GENERAL
campo de control de longitud fija 940623s1992 sp ||||0| spa j
020 ## - NÚMERO INTERNACIONAL ESTÁNDAR DEL LIBRO
Número Internacional Estándar del Libro 84-86214-93-9
040 ## - FUENTE DE CATALOGACIÓN
Centro catalogador/agencia de origen M-BN
Lengua de catalogación spa
Centro/agencia transcriptor M-BN
080 ## - NÚMERO DE LA CLASIFICACIÓN DECIMAL UNIVERSAL
Número de la Clasificación Decimal Universal 325.454(=98:85)"15"
100 1# - ENTRADA PRINCIPAL--NOMBRE DE PERSONA
Nombre de persona García Castellón, Manuel.
9 (RLIN) 54357
245 10 - MENCIÓN DEL TÍTULO
Título Guamán Poma de Ayala, pionero de la teología de la liberación /
Mención de responsabilidad, etc. Manuel García Castellón.
260 ## - PUBLICACIÓN, DISTRIBUCIÓN, ETC.
Lugar de publicación, distribución, etc. Madrid :
Nombre del editor, distribuidor, etc. Pliegos,
Fecha de publicación, distribución, etc. D.L. 1992.
300 ## - DESCRIPCIÓN FÍSICA
Extensión 176 p ;
Dimensiones 21 cm.
490 1# - MENCIÓN DE SERIE
Mención de serie Pliegos de ensayo ;
Designación de volumen o secuencia 79
504 ## - NOTA DE BIBLIOGRAFÍA, ETC.
Nota de bibliografía, etc. Bibliografía: p.169-176.
600 14 - PUNTO DE ACCESO ADICIONAL DE MATERIA--NOMBRE DE PERSONA
Nombre de persona Guamán Poma de Ayala, Felipe.
Título de la obra Primer nueva cronica i buen gobierno.
9 (RLIN) 60299
650 14 - PUNTO DE ACCESO ADICIONAL DE MATERIA--TÉRMINO DE MATERIA
Término de materia o nombre geográfico como elemento de entrada Indios de Perú-
Subdivisión cronológica S.XVI.
9 (RLIN) 13704
830 0# - PUNTO DE ACCESO ADICIONAL DE SERIE-TÍTULO UNIFORME
Título uniforme Pliegos de ensayo ;
Designación de volumen o secuencia 79
9 (RLIN) 176437
852 ## - LOCALIZACIÓN
Ubicación ES-MaACL
Número de control de estantería L-18312
Sublocalización o colección R.121916
Holdings
Estatus retirado Estado de pérdida Estado de daño No para préstamo Biblioteca de origen Biblioteca actual Ubicación en estantería Fecha de adquisición Fuente de adquisición Total de préstamos Signatura topográfica completa Código de barras Visto por última vez Precio de reemplazo Tipo de ítem Koha
        Biblioteca del Ateneo de Madrid Biblioteca del Ateneo de Madrid Depósito 2 17/01/2008     L-18312 1011258 23/02/2023 23/02/2023 Libro impreso